Netrix #1-ISS Series 10 Technical Reference Guide / (Record no. 190773)
[ view plain ]
| 000 -LEADER | |
|---|---|
| fixed length control field | 00591 a2200169 4500 |
| 003 - CONTROL NUMBER IDENTIFIER | |
| control field | NUST |
| 005 - DATE AND TIME OF LATEST TRANSACTION | |
| control field | 20230525182159.0 |
| 040 ## - CATALOGING SOURCE | |
| Transcribing agency | Nust |
| 082 ## - DEWEY DECIMAL CLASSIFICATION NUMBER | |
| Classification number | 004.54,BOU |
| 100 ## - MAIN ENTRY--PERSONAL NAME | |
| Personal name | BOU |
| 9 (RLIN) | 112641 |
| 245 ## - TITLE STATEMENT | |
| Title | Netrix #1-ISS Series 10 Technical Reference Guide / |
| Statement of responsibility, etc. | BOU |
| 260 ## - PUBLICATION, DISTRIBUTION, ETC. | |
| Place of publication, distribution, etc. | United Kingdom |
| Name of publisher, distributor, etc. | Netrix Cor Ltd |
| Date of publication, distribution, etc. | 2000 |
| 300 ## - PHYSICAL DESCRIPTION | |
| Extent | B-52 |
| 505 ## - FORMATTED CONTENTS NOTE | |
| Formatted contents note | Overview (Page-1), Network Management System Workstation (Page-2), Cabinet Models (Page-3), Bus Structure (Page-4), Common Equipment (Page-5), Inside the Connector Module (Page-6). |
| 610 ## - SUBJECT ADDED ENTRY--CORPORATE NAME | |
| Corporate name or jurisdiction name as entry element | Netrix |
| 9 (RLIN) | 112642 |
| 942 ## - ADDED ENTRY ELEMENTS (KOHA) | |
| Source of classification or shelving scheme | |
| Koha item type | Book |
| Call number prefix | 004.54,BOU |
| Withdrawn status | Lost status | Source of classification or shelving scheme | Damaged status | Not for loan | Permanent Location | Current Location | Shelving location | Date acquired | Full call number | Barcode | Date last seen | Price effective from | Koha item type | Public note |
|---|---|---|---|---|---|---|---|---|---|---|---|---|---|---|
| Military College of Signals (MCS) | Military College of Signals (MCS) | General Stacks | 12/12/2016 | 004.54,BOU | MCS34966 | 12/08/2016 | 12/12/2016 | Book | Almirah No.79, Shelf No.5 |
